Science Quiz

Random Science or Math Quiz

Minute Math Quiz Stats

 Plays Quiz not verified by Sporcle

Support Sporcle.
Go Orange.
Score 0/60 Timer 01:00
0 Plays Today
Problem Answer % Correct
6 + 3 =9
100%
4 x 2 =8
100%
9 - 4 =5
98.7%
8 - 5 =3
98%
1 + 1 =2
97.5%
3 + 4 =7
97.5%
5 + 6 =11
97.5%
8 divided by 2 =4
97.3%
4 x 2 =8
97.3%
5 + 9 =14
97.3%
11 - 8 =3
96.4%
42 divided by 7 =6
96%
8 + 2 =10
95.8%
3 x 13 =39
95.1%
6 - 4 =2
94.9%
4 + 3 =7
94.4%
3 x 3 =9
94.2%
54 divided by 3 =18
94%
42 - 41 =1
93.5%
6 + 4 =10
92%
18 - 5 =13
91.5%
3 + 5 =8
91.3%
8 - 5 =3
90.4%
3 x 4 =12
90%
3 x 2 =6
89.3%
5 + 0 =5
88.6%
6 + 7 =13
86.8%
13 - 11 =2
86.4%
12 - 1 =11
85.3%
10 - 2 =8
84.2%
Problem Answer % Correct
6 + 1 =7
83.9%
27 divided by 3 =9
83.7%
4 - 3 =1
83.5%
6 - 2 =4
81%
10 - 7 =3
79.7%
42 divided by 21 =2
77.9%
12 - 3 =9
76.3%
7 x 2 =14
75.7%
4 + 1 =5
74.3%
9 - 8 =1
71.9%
1 + 8 =9
70.1%
7 + 3 =10
67.9%
8 - 2 =6
64.5%
10 - 3 =7
62.9%
1 + 3 =4
62.5%
3 - 0 =3
60.9%
62 - 51 =11
56.5%
26 - 12 =14
52.9%
3 - 1 =2
51.8%
8 + 5 =13
48.7%
10 - 5 =5
47.1%
4 + 6 =10
44.6%
7 + 7 =14
42%
5 + 6 =11
39.7%
8 + 1=9
35.3%
70 - 67 =3
30.6%
8 - 2 =6
24.3%
14 - 6 =8
21.9%
8 - 7 =1
20.1%
2 x 3 =6
19.2%

You're not logged in!

Compare scores with friends on all Sporcle quizzes.
OR
Log In

From the Vault

Seven Letter Word Chain

by sproutcm

Hopefully this is as close as you will ever get to a Chain Gang.
Remove Ads.
Support Sporcle.
Get the best of Sporcle when you Go Orange. This ad-free experience offers more features, more stats, and more fun while also helping to support Sporcle. Thank you for becoming a member.

Show Comments

Extras

Created Feb 8, 2011ReportNominate
Tags:Math Quiz, minute, problem, Under

Top Quizzes Today


Score Distribution

Your Account Isn't Verified!

In order to create a playlist on Sporcle, you need to verify the email address you used during registration. Go to your Sporcle Settings to finish the process.

Report this User

Report this user for behavior that violates our Community Guidelines.

Details: